000 00399nam a2200121Ia 4500
008 220615s9999||||xx |||||||||||||| ||und||
245 0 _aDiscrete Wavelet Transforms
_bTheory and Applications
546 _aEnglish[eng]
650 _aComputer modelling & simulation
700 _aOlkkonen, Juuso T.
856 _uhttps://mts.intechopen.com/storage/books/121/authors_book/authors_book.pdf
942 _cEB
999 _c12727
_d12727